| 000 | 00482cam a2200181ua 4500 | ||
|---|---|---|---|
| 001 | 6065 | ||
| 005 | 20260515113956.0 | ||
| 008 | 131114n ii |||gr||||Z||||||eng | ||
| 040 | _cMAIN | ||
| 082 | _a952 | ||
| 245 | 1 | 1 |
_aA Short Economic History of Modern Japan _cBy G.C. Allen |
| 260 |
_aLondon: _bGeorge Allen & Unwin LTD, _c1962. |
||
| 300 | _ax,233p. | ||
| 653 | _aHistory | ||
| 653 | _aA Short Economic History of Modern Japan | ||
| 700 | 1 |
_aAllen,G.C., _eAuthor. |
|
| 942 | _cBK | ||
| 999 |
_c5213 _d5213 |
||